000 01677cam a22002294a 4500
005 20250605164220.0
008 250528s ||||||||||||||||||||||||d
035 _a20649
020 _a201635380
040 _aGR-AtMCL
_bgre
_dGR-AtMCL
_eAACR2
245 1 _aMultinational Business Finance / Ninth Edition
250 _a9th
260 _c2001
300 _a762
520 _aThis book features a streamlined presentation, expanded attention to emerging markets, and a stronger managerial focus throughout. The International Financial Environment, International Financial Management and the Multinational Firm, The International Monetary System, Foreign Exchange Rate Determination, The Foreign Exchange Market, Foreign Currency Options, Measuring and Managing Foreign Exchange Exposure, Transaction Exposure, Operating Exposure, Accounting Exposure, Interest Rate Exposure and Swaps, Financing the Global Firm, Global Cost of Capital and Financial Structure, Sourcing Equity Globally, Sourcing Debt Globally, Financial Structure, Foreign Investment Decisions, Corporate Strategy: Foreign Direct Investment and Political Risk, Multinational Capital Budgeting, International Acquisitions and Valuation, Adjusting for Risk Investments, Managing Multinational Operations, Repositioning Funds, Import and Export Financing, Advanced Topics in Multinational Finance, Current Industry Financial Management Practices, Advanced Topics in Currency and Interest Rate Risk Management, Bibliography, Index.
700 1 _aEiteman David K
_91223
700 1 _aMoffett Michael H
_91226
700 1 _aStonehill Arthur I
_91224
942 _cBK
999 _c5738
_d5738